000
00220nam a22001097a 4500
082
_a
629.225SCH
100
_a
Schulz
245
_a
Diesel equipment
260
_a
London
_b
McGraw Hill
_c
1988
300
_a
224
942
_c
BK
999
_c
14656
_d
14656